000 00864nam a2200253Ia 4500
003 OSt
005 20220930202536.0
006 a|||||r|||| 00| 0
007 ta
008 220926b |||||||| |||| 00| 0 eng d
024 _a27791
037 _cDissertations
040 _aCRL
_cCRL
_beng
041 _2eng
_aeng
100 _aBhasin Seema
_9564890
110 _aUniversity of Delhi. Faculty of Medical Sciences. Department of Obstetrics and Gynaecology
245 0 _aDoppler umbilical artery velosimetry in pregnancy complicated by diabetes mellitus
260 _c1993
650 _aWOMEN - DISEASES
700 _a Dr Uma Sarin Supervisor
_9527340
700 _aUniversity of Delhi. Faculty of Medical Sciences. Department of Obstetrics and Gynaecology
942 _cDIS
_2CC
999 _c903299
_d903299